00332 2200145 4500001002100000005001500021035002000036245003600056100001300092300001200105260003500117082000800152084001400160990001200174INLIS00000000000233220250528100123 a0010-05250006241 aRantau dan Renungan /cRamadhan0 aRamadhan a265 hlm aJakarta :bPustaka Jaya,c1992 a813 a813 RAM r a0712614